<?xml version="1.0" encoding="UTF-8"?>
<resp>
  <nextPage>https://data.bn.org.pl/api/networks/bibs.marcxml?marc=001+b00001150000536&amp;sinceId=1150000537</nextPage>
  <collection>
    <record xmlns='http://www.loc.gov/MARC21/slim'><leader>01480namZa2200397ZiZ4500</leader><controlfield tag='001'>b00001150000536</controlfield><controlfield tag='005'>20260403094846.4</controlfield><controlfield tag='008'>230609s        pl           |000 0 pol c</controlfield><controlfield tag='009'>9913261904705606</controlfield><datafield ind1=' ' ind2=' ' tag='020'><subfield code='a'>8387025488</subfield></datafield><datafield ind1=' ' ind2=' ' tag='035'><subfield code='a'>KR_1KR_1_20120317233656079217-48omnis_kr</subfield></datafield><datafield ind1=' ' ind2=' ' tag='035'><subfield code='a'>KR_1_20120317233656079217</subfield><subfield code='9'>ExL</subfield></datafield><datafield ind1=' ' ind2=' ' tag='035'><subfield code='a'>(PL)b00001150000536</subfield></datafield><datafield ind1=' ' ind2=' ' tag='040'><subfield code='a'>KR_1</subfield><subfield code='c'>KR_1</subfield></datafield><datafield ind1='1' ind2=' ' tag='041'><subfield code='a'>pol</subfield><subfield code='h'>eng</subfield></datafield><datafield ind1='1' ind2=' ' tag='100'><subfield code='a'>Gordon, Richard</subfield></datafield><datafield ind1='1' ind2='0' tag='245'><subfield code='a'>Dotyk kwantowy :</subfield><subfield code='b'>uzdrawiająca moc dłoni /</subfield><subfield code='c'>Richard Gordon ; przeł. Jerzy Paweł Listwan.</subfield></datafield><datafield ind1=' ' ind2=' ' tag='260'><subfield code='a'>Konstancin-Jeziorna :</subfield><subfield code='b'>&quot;Medium&quot;,</subfield><subfield code='c'>2005.</subfield></datafield><datafield ind1=' ' ind2=' ' tag='300'><subfield code='a'>237 s. :</subfield><subfield code='b'>rys. ;</subfield><subfield code='c'>21 cm.</subfield></datafield><datafield ind1='1' ind2=' ' tag='490'><subfield code='a'>Alchemia Zdrowia</subfield></datafield><datafield ind1=' ' ind2=' ' tag='500'><subfield code='a'>n</subfield></datafield><datafield ind1='1' ind2=' ' tag='700'><subfield code='a'>Listwan, Jerzy Paweł</subfield><subfield code='e'>Tł.</subfield></datafield><datafield ind1=' ' ind2=' ' tag='852'><subfield code='b'>48OMNIS_NETWORK</subfield><subfield code='8'>9913261904705606</subfield></datafield><datafield ind1=' ' ind2=' ' tag='852'><subfield code='b'>48OMNIS_BPW</subfield><subfield code='8'>991053612456508207</subfield></datafield><datafield ind1=' ' ind2=' ' tag='852'><subfield code='b'>48OMNIS_WBP</subfield><subfield code='8'>990009462040308414</subfield></datafield><datafield ind1=' ' ind2=' ' tag='852'><subfield code='b'>48OMNIS_KPS</subfield><subfield code='8'>990002968700208415</subfield></datafield><datafield ind1=' ' ind2=' ' tag='852'><subfield code='8'>22827743020008207</subfield><subfield code='j'>1</subfield><subfield code='h'>w.41478</subfield><subfield code='b'>BPW_K</subfield><subfield code='p'>BPW00016846</subfield><subfield code='c'>WYP</subfield></datafield><datafield ind1=' ' ind2=' ' tag='852'><subfield code='8'>22754247710008414</subfield><subfield code='j'>0</subfield><subfield code='b'>143WG</subfield><subfield code='p'>14301-100350445</subfield><subfield code='c'>W</subfield><subfield code='z'>Wariant wydania: 2005</subfield></datafield><datafield ind1=' ' ind2=' ' tag='852'><subfield code='8'>22754247710008414</subfield><subfield code='j'>0</subfield><subfield code='b'>143WG</subfield><subfield code='p'>14301-100350446</subfield><subfield code='c'>W</subfield><subfield code='z'>Wariant wydania: 2005</subfield></datafield><datafield ind1=' ' ind2=' ' tag='852'><subfield code='8'>22778315890008415</subfield><subfield code='j'>1</subfield><subfield code='b'>KP</subfield><subfield code='p'>000027425923</subfield><subfield code='c'>WG</subfield><subfield code='z'>13 MAG</subfield></datafield><datafield ind1=' ' ind2=' ' tag='852'><subfield code='8'>22778315890008415</subfield><subfield code='j'>1</subfield><subfield code='b'>KP</subfield><subfield code='p'>000026329635</subfield><subfield code='c'>WG</subfield><subfield code='z'>13</subfield></datafield><datafield ind1=' ' ind2=' ' tag='852'><subfield code='8'>22778315910008415</subfield><subfield code='j'>1</subfield><subfield code='b'>KP</subfield><subfield code='p'>000026329642</subfield><subfield code='c'>CN</subfield><subfield code='z'>N399073</subfield></datafield><datafield ind1=' ' ind2=' ' tag='920'><subfield code='a'>83-87025-48-8</subfield></datafield></record>
  </collection>
</resp>
